Fractal growth phenomena /
Guardado en:
| Autor Principal: | |
|---|---|
| Formato: | Libro |
| Idioma: | English |
| Publicado: |
Singapore ; New Jersey :
World Scientific,
c1992.
|
| Edición: | 2nd ed. |
| Materias: | |
| Etiquetas: |
Agregar Etiqueta
Sin Etiquetas, Sea el primero en etiquetar este registro!
|
| LEADER | 00749pam a2200229 a 4500 | ||
|---|---|---|---|
| 001 | MAT.inmabb006078 | ||
| 008 | 920427s1992####si#af####b####001#0#eng## | ||
| 005 | 20130404144855.0 | ||
| 245 | 1 | 0 | |a Fractal growth phenomena / |c Tamás Vicsek. |
| 250 | |a 2nd ed. | ||
| 260 | |a Singapore ; |a New Jersey : |b World Scientific, |c c1992. | ||
| 300 | |a xix, 488 p., 18 p. de láms. : |b il. (algunas col.) ; |c 26 cm. | ||
| 504 | |a Incluye referencias bibliográficas e índices. | ||
| 510 | 4 | |a MR, |c 93k:82064a | |
| 020 | |a 9810206682 | ||
| 020 | |a 9810206690 (pbk.) | ||
| 100 | 1 | |a Vicsek, Tamás. | |
| 650 | 0 | |a Fractals. | |
| 084 | |a 82C99 (00A69 28A80 37Nxx 76E99) |2 msc2000 | ||
| 010 | |a 92011311 | ||
| 040 | |a DLC |c DLC |d DLC | ||
| 859 | |h 82 |i V641-2 |p A-6796 |b BIB. MATEMATICA | ||
